Excitation and propagation of elastic waves (Record no. 228825)

MARC details
000 -LEADER
fixed length control field 00412nam a2200157Ia 4500
008 - FIXED-LENGTH DATA ELEMENTS--GENERAL INFORMATION
fixed length control field 230917s9999||||xx |||||||||||||| ||und||
020 ## - ISBN
Price POU18.5
040 ## - CATALOGING SOURCE
-- 18234
Original cataloging agency VIVEKANANDA LIBRARY
041 ## - Language
-- English
082 ## - DDC NUMBER
Classification number 531.3823 H868E
100 ## - MAIN ENTRY--PERSONAL NAME
Personal name Hudson, J A
245 #0 - TITLE STATEMENT
Title Excitation and propagation of elastic waves
260 ## - PUBLICATION, DISTRIBUTION, ETC. (IMPRINT)
Place of publication, distribution, etc Cambridge
Name of publisher, distributor, etc Cambridge University Press
Date of publication, distribution, etc 1980
300 ## - PHYSICAL DESCRIPTION
Pages viii,224 p.
942 ## - ADDED ENTRY ELEMENTS (KOHA)
Koha item type Books
Holdings
Withdrawn status Lost status Damaged status Not for loan Location (home branch) Sublocation or collection (holding branch) Date acquired Koha issues (times borrowed) Koha full call number Accession No. Koha date last seen Koha item type
        VIVEKANANDA LIBRARY VIVEKANANDA LIBRARY 08/08/2002   531.3823 H868E 96828 17/09/2023 Books
© Designed and Maintained by Vivekananda Library, MDU Rohtak